01195 2200517 4500001002100000005001500021035002000036007000300056008004100059020002200100082001100122084001700133100002000150245006300170250001000233260003900243300003200282650001800314700001800332990001200350990001200362990001200374990001200386990001400398990001200412990001400424990001400438990001300452990001400465990001400479990001300493990001400506990001400520990001300534990001400547990001300561990001300574990001100587990001300598990001100611990001100622990001100633990001100644990001100655990001100666INLIS00000000000207720180716113402 a0010-0718000029ta180716 g 1 ind  a978-602-1694-12-1 a808.83 a808.83 TET p0 aTETHY, Ezokanzo1 aPenghuni Bedug /cTethy Ezokanzo; penyunting, Woro Lestari acet.1 aJakarta :bAl- Kautsar Kids,c2014 a110 hlm. :bilus. ;c20 cm. aCERITA PENDEK0 aWORO, Lestari a16492 a a16492 b a16492 b a16492 a a*16492-a* a16492 b a*16492/b* a*16492-a* a*16492a* a*16492/b* a*16492-b* a*16492a* a*16492-a* a*16492-b* a*16492b* a*16492-a* a*16492a* a*16492b* a16492b a*16492a* a16492a a16492b a16492a a16492b a16492b a16492a